|
|
|
|
| LEADER |
00000nab a2200000 a 4500 |
| 001 |
vtls000579377 |
| 003 |
SK-MaSNL |
| 005 |
20260303010853.0 |
| 008 |
120930c1996 xo 0 slo |
| 015 |
|
|
|a SNBRB19rr/mm-uuuuu
|
| 035 |
|
|
|a CL0579515
|
| 040 |
|
|
|a SNKBUCL
|b slo
|c SNKBUCL
|e AACR2
|
| 041 |
0 |
|
|a slo
|
| 044 |
|
|
|a xo
|c SK
|
| 080 |
|
|
|a 78.091.4:782/785:792.5
|2 1981
|
| 080 |
|
|
|a 782/785
|2 1981
|
| 080 |
|
|
|a 792.5
|2 1981
|
| 100 |
1 |
|
|a Blahynka, Miloslav,
|d 1961-2011
|4 aut
|9 102187
|
| 245 |
1 |
0 |
|a Odkaz Lucie Poppovej
|c Miloslav Blahynka
|
| 611 |
1 |
7 |
|a Hommage a Lucia Popp
|n 1.
|d 1996
|c Bratislava, Slovensko
|2 snkbucl
|9 988737
|
| 651 |
|
7 |
|a 5100
|2 snkbucl
|9 166206
|
| 655 |
|
7 |
|a články z novín a časopisov
|2 snkbucl
|9 267496
|
| 773 |
0 |
|
|t Pravda
|g Roč. 6, č. 73 (27. 3. 1996), s. 7
|
| 850 |
|
|
|a Slovenská národná knižnica v Martine
|a MTA001
|
| 852 |
|
|
|a SNK
|b KIS3GCP
|
| 958 |
|
|
|a RK
|
| 992 |
|
|
|a RBX
|
| 999 |
|
|
|c 1589340
|d 1591270
|